000 00623nam a2200265Ia 4500
005 20260121171927.0
008 008 260114s9999 xx 000 0 eng d
020 _a9783030478339
037 _aEBOOK
040 _aCRL
040 _beng
040 _cCRL
041 _2eng
041 _aeng
084 _qCRL
100 _aAndrew May
_91082167
245 4 _aThe Science of Sci-Fi Music
260 _bSpringer
260 _bSpringer
260 _c2020
856 _uhttps://link.springer.com/openurl?genre=book&isbn=978-3-030-47833-9
942 _cEBOOK
999 _c1647900
_d1647900